[Event "SB-2012-0-00234"]
[Site "LSS email"]
[Date "2012.06.18"]
[Round "?"]
[White "Biro, Istvan Jr"]
[Black "Brzeszkiewicz, Edmund"]
[Result "0-1"]
[WhiteElo "1657"]
[BlackElo "2012"]
[PlyCount "28"]
[EventDate "2012.05.24"]
[EventType "tourn (corr)"]
[EventRounds "6"]
[EventCountry "GER"]
[SourceTitle "Corr 2015"]
[Source "ChessBase"]
[SourceDate "2015.07.17"]
[SourceVersion "1"]
[SourceVersionDate "2015.07.17"]
[SourceQuality "1"]

1. c4 e5 2. g3 Nf6 3. Nc3 d5 4. cxd5 Nxd5 5. Bg2 Nb6 6. Nf3 Nc6 7. 0-0 Be7 8. b3 0-0 9. Bb2 Bg4 10. a4 a5 11. Nb5 Bf6 12. d3 Qd7 13. Nd2 Be7 14. Rc1 f6 0-1

[Event "SC-2012-0-00147"]
[Site "LSS email"]
[Date "2012.06.18"]
[Round "?"]
[White "Herzog, Klaus"]
[Black "Biro, Istvan Jr"]
[Result "1-0"]
[WhiteElo "1920"]
[BlackElo "1656"]
[PlyCount "27"]
[EventDate "2012.04.24"]
[EventType "tourn (corr)"]
[EventRounds "6"]
[EventCountry "GER"]
[SourceTitle "Corr 2015"]
[Source "ChessBase"]
[SourceDate "2015.07.17"]
[SourceVersion "1"]
[SourceVersionDate "2015.07.17"]
[SourceQuality "1"]

1. d4 e6 2. e4 d5 3. Nc3 Nf6 4. e5 Nfd7 5. f4 c5 6. Nf3 Nc6 7. Be3 a6 8. Qd2 cxd4 9. Nxd4 Bc5 10. 0-0-0 Nxd4 11. Bxd4 0-0 12. Kb1 b5 13. Qe3 Bxd4 14. Rxd4 1-0

[Event "SC-2012-0-00147"]
[Site "LSS email"]
[Date "2012.06.18"]
[Round "?"]
[White "Sikorski, Roman"]
[Black "Biro, Istvan Jr"]
[Result "1-0"]
[WhiteElo "1866"]
[BlackElo "1656"]
[PlyCount "23"]
[EventDate "2012.04.24"]
[EventType "tourn (corr)"]
[EventRounds "6"]
[EventCountry "GER"]
[SourceTitle "Corr 2015"]
[Source "ChessBase"]
[SourceDate "2015.07.17"]
[SourceVersion "1"]
[SourceVersionDate "2015.07.17"]
[SourceQuality "1"]

1. e4 e6 2. d4 d5 3. Nc3 Nf6 4. e5 Nfd7 5. f4 c5 6. Nf3 a6 7. Be3 Nc6 8. Qd2 Be7 9. 0-0-0 b5 10. dxc5 Qa5 11. Kb1 Nxc5 12. Qf2 1-0

[Event "SB-2012-0-00234"]
[Site "LSS email"]
[Date "2012.06.18"]
[Round "?"]
[White "Vodicka, Milan"]
[Black "Biro, Istvan Jr"]
[Result "1-0"]
[WhiteElo "1935"]
[BlackElo "1657"]
[PlyCount "33"]
[EventDate "2012.05.24"]
[EventType "tourn (corr)"]
[EventRounds "6"]
[EventCountry "GER"]
[SourceTitle "Corr 2015"]
[Source "ChessBase"]
[SourceDate "2015.07.17"]
[SourceVersion "1"]
[SourceVersionDate "2015.07.17"]
[SourceQuality "1"]

1. d4 e6 2. c4 Nf6 3. Nf3 c5 4. d5 b5 5. dxe6 fxe6 6. cxb5 a6 7. e3 d5 8. Nc3 c4 9. Be2 axb5 10. Nxb5 Na6 11. 0-0 Nc5 12. b3 Nxb3 13. axb3 Rxa1 14. bxc4 Bc5 15. Nfd4 dxc4 16. Qc2 0-0 17. Bxc4 1-0

[Event "LSS No Engine Cup 51 Final"]
[Site "LSS email"]
[Date "2012.05.20"]
[Round "?"]
[White "Stepanov, Konstantin Vasiliev"]
[Black "Biro, Istvan Jr"]
[Result "1-0"]
[WhiteElo "2035"]
[BlackElo "1656"]
[PlyCount "39"]
[EventDate "2012.05.21"]
[EventType "tourn (corr)"]
[EventRounds "6"]
[EventCountry "GER"]
[SourceTitle "Telechess CBM 163"]
[Source "ChessBase"]
[SourceDate "2014.11.11"]
[SourceVersion "2"]
[SourceVersionDate "2014.11.11"]
[SourceQuality "1"]

1. d4 Nf6 2. c4 e6 3. Nc3 Bb4 4. e3 d5 5. Nf3 c5 6. Bd3 dxc4 7. Bxc4 a6 8. 0-0 0-0 9. a3 Bxc3 10. bxc3 b5 11. Be2 c4 12. a4 Qd5 13. Nd2 Qb7 14. Bf3 Nc6 15. Ba3 Re8 16. Qc2 Qd7 17. Rfb1 Rb8 18. Bc5 Qc7 19. e4 e5 20. axb5 1-0

[Event "ZI-2012-0-01305"]
[Site "LSS email"]
[Date "2012.05.19"]
[Round "?"]
[White "Biro, Istvan Jr"]
[Black "Khan, Valery"]
[Result "0-1"]
[WhiteElo "1732"]
[BlackElo "1759"]
[PlyCount "40"]
[EventDate "2012.05.10"]
[EventType "match (corr)"]
[EventRounds "2"]
[EventCountry "GER"]
[SourceTitle "Corr 2015"]
[Source "ChessBase"]
[SourceDate "2015.07.17"]
[SourceVersion "1"]
[SourceVersionDate "2015.07.17"]
[SourceQuality "1"]

1. c4 e5 2. g3 Nc6 3. Bg2 Nf6 4. Nc3 Bc5 5. Nf3 d6 6. 0-0 0-0 7. d3 h6 8. a3 a5 9. e3 Bg4 10. h3 Bh5 11. b3 Re8 12. Bb2 Qd7 13. Qc2 Bxf3 14. Bxf3 Qxh3 15. Ne4 Ng4 16. Bxg4 Qxg4 17. Nxc5 dxc5 18. Kg2 Rad8 19. Rh1 Rd6 20. Rh4 Qd7 0-1

[Event "WC-2016-P-00001"]
[Site "LSS email"]
[Date "2012.02.12"]
[Round "?"]
[White "Biro, Istvan Jr"]
[Black "Lizorkina, Veronika"]
[Result "0-1"]
[WhiteElo "1655"]
[BlackElo "2085"]
[PlyCount "20"]
[EventDate "2012.02.15"]
[EventType "tourn (corr)"]
[EventRounds "10"]
[EventCountry "GER"]
[SourceTitle "Corr 2015"]
[Source "ChessBase"]
[SourceDate "2015.07.17"]
[SourceVersion "1"]
[SourceVersionDate "2015.07.17"]
[SourceQuality "1"]

1. c4 e5 2. g3 Nf6 3. Nc3 Bc5 4. Bg2 0-0 5. Nf3 d6 6. d4 exd4 7. Nxd4 Nbd7 8. 0-0 Re8 9. e3 Ne5 10. b3 Bg4 0-1

[Event "WC-2016-P-00001"]
[Site "LSS email"]
[Date "2012.02.12"]
[Round "?"]
[White "Chamaev, Aleksandr Viktorovi"]
[Black "Biro, Istvan Jr"]
[Result "1-0"]
[WhiteElo "2234"]
[BlackElo "1655"]
[PlyCount "40"]
[EventDate "2012.02.15"]
[EventType "tourn (corr)"]
[EventRounds "10"]
[EventCountry "GER"]
[SourceTitle "Telechess CBM 159"]
[Source "ChessBase"]
[SourceDate "2014.03.17"]
[SourceVersion "1"]
[SourceVersionDate "2014.03.17"]
[SourceQuality "1"]

1. e4 e6 2. d4 d5 3. Nc3 Nf6 4. e5 Nfd7 5. f4 c5 6. Nf3 Nc6 7. Be3 cxd4 8. Nxd4 Bc5 9. Qd2 0-0 10. 0-0-0 a6 11. Nb3 b6 12. h4 Qc7 13. h5 Bb7 14. Kb1 h6 15. Rg1 Be7 16. g4 Nc5 17. Nd4 b5 18. Nxc6 Bxc6 19. Qh2 b4 20. g5 hxg5 1-0

[Event "RC-2011-0-00081"]
[Site "LSS email"]
[Date "2011.09.23"]
[Round "?"]
[White "Biro, Istvan Jr"]
[Black "Cimicki, Dariusz"]
[Result "1-0"]
[WhiteElo "1749"]
[BlackElo "2059"]
[PlyCount "63"]
[EventDate "2011.08.12"]
[EventType "tourn (corr)"]
[EventRounds "6"]
[EventCountry "GER"]
[SourceTitle "Telechess CBM 157"]
[Source "ChessBase"]
[SourceDate "2013.11.12"]
[SourceVersion "1"]
[SourceVersionDate "2013.11.12"]
[SourceQuality "1"]
[WhiteTeam "IECC 3"]

1. c4 f5 2. Nf3 Nf6 3. g3 g6 4. d4 Bg7 5. Bg2 0-0 6. 0-0 d6 7. Nc3 Qe8 8. Qb3 Kh8 9. Nd5 Nxd5 10. cxd5 Nd7 11. Ng5 Bxd4 12. Qb4 Bb6 13. Ne6 Rf6 14. Qc3 Nc5 15. Nxc5 Bxc5 16. Bg5 Kg7 17. Rae1 Qf7 18. e4 fxe4 19. Bxf6+ exf6 20. Rxe4 a5 21. a3 Bf5 22. Re2 Bb6 23. Rfe1 Kf8 24. Qd2 Qg7 25. Re7 Qxe7 26. Rxe7 Kxe7 27. Qh6 Re8 28. Bh3 Bxh3 29. Qxh3 Kf8 30. Qxh7 Re2 31. Qxg6 Rxf2 32. h4 1-0

[Event "LSS SD-2010-0-00065"]
[Site "LSS email"]
[Date "2010.08.10"]
[Round "?"]
[White "Moreira, Carlos Alberto Lima"]
[Black "Biro, Istvan Jr"]
[Result "1/2-1/2"]
[WhiteElo "1601"]
[BlackElo "1682"]
[PlyCount "95"]
[EventDate "2010.07.06"]
[EventType "tourn (corr)"]
[EventRounds "6"]
[EventCountry "GER"]
[SourceTitle "Telechess CBM 143"]
[Source "ChessBase"]
[SourceDate "2011.07.15"]
[SourceVersion "1"]
[SourceVersionDate "2011.07.15"]
[SourceQuality "1"]

1. Nf3 Nf6 2. d4 d5 3. c4 c6 4. Nc3 e6 5. Bg5 h6 6. Bh4 dxc4 7. e4 g5 8. Bg3 b5 9. Be2 Bb7 10. 0-0 Bb4 11. Qc2 Nbd7 12. Rad1 0-0 13. Nd2 Qb6 14. e5 Nd5 15. Nde4 Be7 16. b3 c5 17. bxc4 bxc4 18. dxc5 Nxc5 19. Nd6 Nxc3 20. Qxc3 Bxd6 21. exd6 Ne4 22. Qxc4 Nxg3 23. hxg3 Rfd8 24. Qc3 Qc6 25. Qxc6 Bxc6 26. f4 Rab8 27. Bh5 Rd7 28. fxg5 hxg5 29. Rc1 Rb6 30. Rc5 g4 31. Bxg4 Rxd6 32. Bh5 Rb7 33. Rfc1 Bd5 34. Rc7 Rd7 35. R7c2 Kf8 36. Bf3 Rb5 37. Rd1 Ra5 38. Rb2 Ke7 39. Bxd5 Rdxd5 40. Rb7+ Kf6 41. Rf1+ Rf5 42. Rxf5+ exf5 43. Rb2 Kg5 44. Kh2 Ra3 45. Rf2 Ra4 46. Rb2 Kg4 47. Rc2 a6 48. Rb2 1/2-1/2

[Event "LSS WC-2014-P-00025"]
[Site "LSS email"]
[Date "2010.02.18"]
[Round "?"]
[White "Rudenko, Vitaliy"]
[Black "Biro, Istvan Jr"]
[Result "1/2-1/2"]
[WhiteElo "2209"]
[BlackElo "1800"]
[PlyCount "46"]
[EventDate "2010.02.24"]
[EventType "tourn (corr)"]
[EventRounds "6"]
[EventCountry "GER"]
[SourceTitle "Telechess CBM 141"]
[Source "ChessBase"]
[SourceDate "2011.03.17"]
[SourceVersion "1"]
[SourceVersionDate "2011.03.17"]
[SourceQuality "1"]

1. e4 c6 2. d4 d5 3. e5 c5 4. dxc5 Nc6 5. Bb5 e6 6. Be3 Nh6 7. Bxh6 gxh6 8. c4 dxc4 9. Nc3 Qc7 10. Qe2 Bxc5 11. Nf3 Bd7 12. 0-0 a6 13. Bxc4 Nd4 14. Nxd4 Bxd4 15. Rad1 Bxc3 16. bxc3 0-0-0 17. Qe4 Qc5 18. Qf4 Bc6 19. Be2 Kb8 20. Qf6 Rc8 21. Rd3 Qc4 22. Re3 Qxa2 23. Qxf7 Rc7 1/2-1/2

[Event "LSS SD-2009-0-00050"]
[Site "LSS email"]
[Date "2010.02.08"]
[Round "?"]
[White "Metz, Larry R"]
[Black "Biro, Istvan Jr"]
[Result "1/2-1/2"]
[WhiteElo "1478"]
[BlackElo "1800"]
[PlyCount "69"]
[EventDate "2009.12.23"]
[EventType "tourn (corr)"]
[EventRounds "6"]
[EventCountry "GER"]
[SourceTitle "Telechess CBM 141"]
[Source "ChessBase"]
[SourceDate "2011.03.17"]
[SourceVersion "1"]
[SourceVersionDate "2011.03.17"]
[SourceQuality "1"]

1. d4 Nf6 2. c4 g6 3. Nc3 Bg7 4. e4 d6 5. Nf3 0-0 6. Be2 e5 7. 0-0 exd4 8. Nxd4 Re8 9. f3 c6 10. Nb3 a5 11. Na4 c5 12. Bg5 h6 13. Bh4 Bd7 14. Nc3 a4 15. Nc1 g5 16. Be1 Nh5 17. Rb1 Nf4 18. Nd5 Nxd5 19. cxd5 b5 20. Bc3 Na6 21. a3 c4 22. Bxg7 Kxg7 23. Qd4+ Qf6 24. Qxf6+ Kxf6 25. Na2 Kg7 26. Nc3 Nc5 27. Rbd1 f5 28. exf5 Bxf5 29. f4 Bh7 30. Bh5 Reb8 31. fxg5 hxg5 32. Rf7+ Kh8 33. Rdf1 b4 34. axb4 Rxb4 35. R1f6 1/2-1/2

[Event "LSS SD-2009-0-00047"]
[Site "LSS email"]
[Date "2010.01.04"]
[Round "?"]
[White "Biro, Istvan Jr"]
[Black "Lavis, Jon"]
[Result "1-0"]
[WhiteElo "1800"]
[BlackElo "1680"]
[PlyCount "73"]
[EventDate "2009.12.03"]
[EventType "tourn (corr)"]
[EventRounds "6"]
[EventCountry "GER"]
[SourceTitle "Telechess CBM 141"]
[Source "ChessBase"]
[SourceDate "2011.03.17"]
[SourceVersion "1"]
[SourceVersionDate "2011.03.17"]
[SourceQuality "1"]

1. d4 g6 2. c4 Bg7 3. Nc3 d6 4. e4 a6 5. Nf3 Bg4 6. Be3 Nd7 7. Qa4 c5 8. dxc5 dxc5 9. Qb3 Qa5 10. Nd2 Bxc3 11. bxc3 Ngf6 12. h3 Be6 13. Be2 Qc7 14. f4 0-0 15. 0-0 b5 16. f5 gxf5 17. exf5 Qe5 18. Bh6 Bxf5 19. Bf3 Rab8 20. Rae1 Qd6 21. Bxf8 Nxf8 22. Ne4 Nxe4 23. Bxe4 Be6 24. Rd1 bxc4 25. Qc2 Qe5 26. Bf5 Ng6 27. Rde1 Bxf5 28. Qxf5 Qxf5 29. Rxf5 Rb5 30. Re4 f6 31. Rxc4 Ne5 32. Ra4 a5 33. c4 Rb4 34. Rxb4 axb4 35. Kf2 Kg7 36. Ke2 Kf8 37. g4 1-0

[Event "LSS SD-2009-0-00047"]
[Site "LSS email"]
[Date "2010.01.02"]
[Round "?"]
[White "Biro, Istvan Jr"]
[Black "Welford, Richard R"]
[Result "1/2-1/2"]
[WhiteElo "1800"]
[BlackElo "1664"]
[PlyCount "46"]
[EventDate "2009.12.03"]
[EventType "tourn (corr)"]
[EventRounds "6"]
[EventCountry "GER"]
[SourceTitle "Telechess CBM 141"]
[Source "ChessBase"]
[SourceDate "2011.03.17"]
[SourceVersion "1"]
[SourceVersionDate "2011.03.17"]
[SourceQuality "1"]

1. d4 Nf6 2. Bg5 e6 3. Nf3 h6 4. Bh4 c5 5. Nc3 d5 6. Bxf6 Qxf6 7. e4 dxe4 8. Nxe4 Qf4 9. Qd3 cxd4 10. Nxd4 Be7 11. g3 Qe5 12. Qb5+ Nc6 13. Qxe5 Nxe5 14. f4 Ng4 15. Bb5+ Bd7 16. Bxd7+ Kxd7 17. Ke2 Nf6 18. Kf3 a6 19. Rad1 Kc7 20. c3 Rad8 21. Nxf6 Bxf6 22. Nc2 b5 23. Rhf1 a5 1/2-1/2

[Event "LSS SD-2009-0-00046"]
[Site "LSS email"]
[Date "2009.12.24"]
[Round "?"]
[White "Biro, Istvan Jr"]
[Black "Seris Granier Gonzales, Manuel Angel"]
[Result "1-0"]
[WhiteElo "1709"]
[BlackElo "1534"]
[PlyCount "103"]
[EventDate "2009.11.25"]
[EventType "tourn (corr)"]
[EventRounds "6"]
[EventCountry "GER"]
[SourceTitle "Telechess CBM 147"]
[Source "ChessBase"]
[SourceDate "2012.03.16"]
[SourceVersion "1"]
[SourceVersionDate "2012.03.16"]
[SourceQuality "1"]

1. d4 d5 2. c4 c6 3. Nc3 Nf6 4. Nf3 e6 5. e3 Nbd7 6. Qc2 Bd6 7. cxd5 exd5 8. Bd3 0-0 9. 0-0 Re8 10. Re1 Nf8 11. h3 Bd7 12. Bd2 Rc8 13. Rac1 Ng6 14. e4 dxe4 15. Nxe4 Nxe4 16. Bxe4 Qc7 17. a3 Re7 18. h4 Bg4 19. Ng5 h6 20. Bxg6 hxg5 21. Bh7+ Kh8 22. Bxg5 Rxe1+ 23. Rxe1 Qa5 24. Rc1 Re8 25. Bd3 Kg8 26. Qd2 Qxd2 27. Bxd2 Be7 28. f3 Be6 29. g3 Rd8 30. Be3 c5 31. Kf2 g6 32. Ke2 cxd4 33. Bf4 Bd6 34. Bxd6 Rxd6 35. f4 Bd5 36. f5 Kg7 37. g4 gxf5 38. Bxf5 Be6 39. Bxe6 Rxe6+ 40. Kd3 Re3+ 41. Kxd4 Re2 42. b4 Rh2 43. Rc7 Rxh4 44. Rxb7 Rxg4+ 45. Kc5 Rg5+ 46. Kc4 Rg4+ 47. Kb5 Kf6 48. Rxa7 Ke6 49. a4 f5 50. a5 Rg8 51. a6 f4 52. Rc7 1-0

[Event "LSS SD-2009-0-00046"]
[Site "LSS email"]
[Date "2009.12.24"]
[Round "?"]
[White "Sadler, Kirk"]
[Black "Biro, Istvan Jr"]
[Result "0-1"]
[WhiteElo "1536"]
[BlackElo "1800"]
[PlyCount "54"]
[EventDate "2009.11.25"]
[EventType "tourn (corr)"]
[EventRounds "6"]
[EventCountry "GER"]
[SourceTitle "Telechess CBM 141"]
[Source "ChessBase"]
[SourceDate "2011.03.17"]
[SourceVersion "1"]
[SourceVersionDate "2011.03.17"]
[SourceQuality "1"]

1. e4 c6 2. d4 d5 3. e5 c5 4. dxc5 Nc6 5. Nf3 e6 6. a3 Bxc5 7. b4 Bb6 8. b5 Na5 9. Be2 Ne7 10. 0-0 Qc7 11. Nbd2 Ng6 12. Bb2 0-0 13. Rc1 Nc4 14. Nxc4 dxc4 15. Qd6 Nf4 16. Rfe1 Nxe2+ 17. Rxe2 c3 18. Ba1 Qc4 19. Qd3 Qxd3 20. cxd3 Bd7 21. Rb1 Rac8 22. Rc2 Ba5 23. Nd4 f6 24. exf6 e5 25. fxg7 Rfd8 26. Nf3 e4 27. dxe4 Bxb5 0-1